Normal view MARC view

Entry Personal Name

Number of records used in: 2

001 - CONTROL NUMBER

  • control field: 59954

003 - CONTROL NUMBER IDENTIFIER

  • control field: MY-SjTCS

005 - DATE AND TIME OF LATEST TRANSACTION

  • control field: 20191205134633.0

008 - FIXED-LENGTH DATA ELEMENTS

  • fixed length control field: 120323nn a|a||abb| a a|a d

039 #9 -

  • : 201203231144
  • : shuhada

040 ## - CATALOGING SOURCE

  • Original cataloging agency: VRT
  • Transcribing agency: VRT

100 1# - HEADING--PERSONAL NAME

  • Personal name: Dornan, Mike.

670 ## - SOURCE DATA FOUND

  • Source citation: The video project construction of houses Series I, Finishes, c1994.:
  • Information found: t.p. (produced and directed by Duncan Marshall, Keith Jacques.)

999 ## -

  • : VIRTUA4 x

999 ## -

  • : VTLSSORT0080*0400*1000*6700*9991